000 00352nam a22001577a 4500
003 MACL
005 20151223141749.0
008 151223b xxu||||| |||| 00| 0 eng d
040 _cMACL
041 _aEnglish
082 _a100
100 _aV.R.V.
_922429
245 _aSteps in Yoga And Meditation
650 _aPhilosophy
_922430
942 _2ddc
_cBK
999 _c51675
_d51675